| 000 | 02431nam a22002657a 4500 | ||
|---|---|---|---|
| 005 | 20240305165447.0 | ||
| 007 | cr|||| |||| | ||
| 008 | 170309s2016 es |||||s|||| 00||0 spa d | ||
| 020 | _a978-84-9085-869-1 | ||
| 035 | _a14798 | ||
| 040 | _avLex | ||
| 090 |
_c6589 _d6589 |
||
| 100 | 1 | _aYzquierdo Tolsada, Mariano | |
| 245 | 1 | 0 |
_aComentarios a las sentencias de unificación de doctrina _h[Recurso electrónico] : _bCivil y mercantil. 2013-2014 / _cMariano Yzquierdo Tolsada _nVolumen 6 |
| 256 | _aServicio en línea | ||
| 260 |
_aMadrid: _bDykinson, _c2016 |
||
| 300 | _a1 recurso electrónico | ||
| 500 | _aIgual que ya sucede desde hace años en las restantes Salas del Alto Tribunal, la Sala de lo Civil tomó la iniciativa en el año 2006 gracias al impulso del que era su Presidente, don Juan Antonio Xiol, de unificar por medio de sentencias plenarias la doctrina jurisprudencial en tantos temas polémicos, pues eran muchas las contradicciones que se venían padeciendo en el sistema de nuestro Derecho privado como consecuencia de que se dictaran sentencias muy dispares, y hasta de signo opuesto, para supuestos prácticamente idénticos. Las sentencias del Pleno de la Sala Primera fueron así una iniciativa considerada un verdadero acontecimiento, y ello que justificó que, al no tratarse de algo efímero o coyuntural, diese lugar a que este sello editorial alumbrara toda una nueva colección dedicada al análisis de esas sentencias. Era preciso evitar que el conocimiento de sentencias tan importantes fuera más o menos indirecto o casual, a través de obras generales, de monografías o hasta de revistas dedicadas a comentarios jurisprudenciales que, teniendo algunas una calidad extraordinaria, no lograban ese propósito, al dar cabida las mismas a muchas otras sentencias que no tienen carácter plenario. | ||
| 506 | 1 |
_aDisponible solo en los productos indicados _dvLex Global _dvLex Global (Academic Edition, excluding Law Schools) _dvLex Global (U.S. Academic Edition, Law Schools) _dvLex Global (U.S. Academic Edition, excluding Law Schools) _dvLex Global (Academic Edition, Law Schools) |
|
| 650 | 0 | 4 |
_aDerecho Civil _zEspaña |
| 650 | 0 | 4 |
_aDerecho Mercantil y de la Empresa _zEspaña |
| 740 | 0 | _avLex Libros (Servicio en línea) | |
| 856 | 4 | 0 | _uhttps://app.vlex.com/#/sources/comentarios-a-las-sentencias-de-unificacion-de-doctrina-civil-y-mercantil-volumen-6-2013-2014-14798 |
| 942 | _cRAA | ||
| 999 |
_c164837 _d164837 |
||